FIFA World Cup finals - Host Cities - Statistics

General Stats
  • This quiz has been taken 28 times
  • The average score is 19 of 22
Answer Stats
Hint Answer % Correct
2006 Berlin
100%
1938 Colombes/Paris
100%
1950 Rio de Janeiro
100%
2014 Rio de Janeiro
100%
1998 Saint-Denis/Paris
100%
1978 Buenos Aires
96%
1966 London
96%
2018 Moscow
96%
1982 Madrid
93%
1970 Mexico City
93%
1986 Mexico City
93%
1934 Rome
93%
1990 Rome
93%
2010 Johannesburg
89%
1930 Montevideo
85%
1994 Pasadena/Los Angeles
85%
1974 Munich
81%
1958 Solna/Stockholm
81%
1962 Santiago de Chile
74%
1954 Bern
63%
2002 Yokohama
59%
2022 Lusail
19%
No matching quizzes found
Score Distribution
Percent of People with Each Score
Percentile by Number Answered
Your Score History
You have not taken this quiz